000
00326 a2200157 4500
001
150814
040
_c
Escola São Tomás de Aquino
100
_a
BARBIERI, Stela
240
1
0
_a
A ponte
_l
por
245
1
0
_a
A ponte
300
_a
43
362
0
_a
2008
440
1
_a
Escala Educacional
697
_a
RELIGIÃO
942
_c
BK
999
_c
150814
_d
150814